000
00277nam a2200133Ia 4500
100
_a
Jones/T & Jones/ T.G
650
_a
Chemistry
942
_c
BK
654
_a
Drawing
245
_a
Machine Drawig
260
_b
John Heywood Ltd.
_c
2001
300
_a
140
546
_a
ENGLISH
999
_c
35372
_d
35372